| 000 | 00573nam a2200193Ia 4500 | ||
|---|---|---|---|
| 005 | 20250317014436.0 | ||
| 008 | 240331s9999 xx 000 0 und d | ||
| 020 | _a9555800057 | ||
| 082 |
_a301 _bPER _23841 |
||
| 100 | _aPerera, S | ||
| 245 | 0 |
_aLiving With Torturers: _bAnd Other Essays of Intervention: Sri Lankan Society, Culture and Politics in Perspective |
|
| 260 |
_aColombo, _bInternational Centre for Ethnic Studies (ICES) _c1995 |
||
| 300 | _aix, 89 p., | ||
| 650 | _aPatriotism | ||
| 650 | _aReligion | ||
| 650 | _aRacism | ||
| 650 | _aSociety | ||
| 942 | _cL | ||
| 999 |
_c1026 _d1026 |
||